Dzielnice Sopotu - nagła śmierć - Statystyki

Ogólne statystyki
  • Ten quiz został rozwiązany 18 razy
  • Średni wynik to 5 z 8
Answers on the Grid
Answers color-coded by a green-red scale on the quiz's grid according to % correct below.
Brodwino
Dolny Sopot
Górny Sopot
Jelitkowo
Kamienny Potok
Karlikowo
Orłowo
Osiedle Mickiewicza
Przylesie
Świemirowo
Wyścigi
Żabianka
 
Statystyki odpowiedzi
Odpowiedź % Poprawnych
Górny Sopot
93%
Kamienny Potok
93%
Dolny Sopot
71%
Brodwino
57%
Przylesie
50%
Karlikowo
43%
Świemirowo
36%
Osiedle Mickiewicza
21%
Nie znaleziono quizów pasujących do podanych kryteriów
Rozkład punktacji
Procent ludzi z każdym wynikiem
Percentyl według liczby udzielonych odpowiedzi
Twoja historia wyników
Nie rozwiązałeś tego quizu